STRUCTURED PRODUCTS EVOLUTION AND ANALYS (Record no. 31027)

MARC details
000 -LEADER
fixed length control field 00346nam a2200133Ia 4500
008 - FIXED-LENGTH DATA ELEMENTS--GENERAL INFORMATION
fixed length control field 240624s9999 xx 000 0 und d
041 ## - LANGUAGE CODE
Language code of text/sound track or separate title eng
082 ## - DEWEY DECIMAL CLASSIFICATION NUMBER
Classification number 332.632 PIT
100 ## - MAIN ENTRY--PERSONAL NAME
Personal name PITTS CLARKE
245 ## - TITLE STATEMENT
Title STRUCTURED PRODUCTS EVOLUTION AND ANALYS
260 ## - PUBLICATION, DISTRIBUTION, ETC.
Date of publication, distribution, etc. 2013
Place of publication, distribution, etc. London
Name of publisher, distributor, etc. Risk Books
300 ## - PHYSICAL DESCRIPTION
Extent xviii, 297 p,: 23 cm.
365 ## - TRADE PRICE
Currency code BPS
Price amount 20
Holdings
Withdrawn status Lost status Damaged status Not for loan Home library Current library Shelving location Date acquired Full call number Barcode Date last seen Copy number Price effective from Koha item type
        IMTN IMTN Rack 11-A 09/05/2018 332.632 PIT 31027 06/24/2024 94.4 06/24/2024 Books
Designed & Maintained by: LRC IMT Nagpur Contact: lrc@imtnag.ac.in© 2024. All Rights Reserved.